01501nam a2200337 a 4500001001200000003000800012006001900020007001500039008004100054010001700095020003300112020003100145020001800176020002700194040002100221035002100242050002100263082001500284100002200299245008300321260006000404300002300464440015400487504005300641505011200694533015200806650003300958655002900991710001701020856012601037ebr10589175CaPaEBRm u cr cn|||||||||950920s1995 ne a sb 001 0 eng d z 95043672  z9027245665 (Eur. alk. paper) z1556196156 (US alk. paper) z9789027245663 z9789027284389 (e-book) aCaPaEBRcCaPaEBR a(OCoLC)72925202614aP62b.K64 1995eb04a410/.92201 aKoerner, E. F. K.10aProfessing linguistic historiographyh[electronic resource] /cKonrad Koerner. aAmsterdam ;aPhiladelphia :bJ. Benjamins Pub.,cc1995. avi, 274 p. :bill. 0aAmsterdam studies in the theory and history of linguistic science.nSeries III,pStudies in the history of the language sciences,x0304-0720 ;vv. 79 aIncludes bibliographical references and indexes.0 apt. 1. Topics in the histor(iograpy)y of linguistics -- pt. 2. Historical accounts of linguistic subfields. aElectronic reproduction.bPalo Alto, Calif. :cebrary,d2011.nAvailable via World Wide Web.nAccess may be limited to ebrary affiliated libraries. 0aLinguisticsxHistoriography. 7aElectronic books.2local2 aebrary, Inc.40uhttp://site.ebrary.com/lib/rucke/Doc?id=10589175zAn electronic book accessible through the World Wide Web; click to view